Beauty and the beast : (Record no. 9877)
[ view plain ]
| 000 -LEADER | |
|---|---|
| fixed length control field | 01186nam a22002657a 4500 |
| 001 - CONTROL NUMBER | |
| control field | 9877 |
| 003 - CONTROL NUMBER IDENTIFIER | |
| control field | FISKH |
| 005 - DATE AND TIME OF LATEST TRANSACTION | |
| control field | 20260311092114.0 |
| 008 - FIXED-LENGTH DATA ELEMENTS--GENERAL INFORMATION | |
| fixed length control field | 260311b cb ||||| |||| 00| 0 eng d |
| 020 ## - INTERNATIONAL STANDARD BOOK NUMBER | |
| International Standard Book Number | 9781407584539 |
| 040 ## - CATALOGING SOURCE | |
| Original cataloging agency | FISKH |
| Language of cataloging | eng |
| Transcribing agency | FISKH |
| Modifying agency | FISKH |
| 082 ## - DEWEY DECIMAL CLASSIFICATION NUMBER | |
| Classification number | 398.2 |
| 100 ## - MAIN ENTRY--PERSONAL NAME | |
| Personal name | Disney Interprises , Inc . |
| 245 ## - TITLE STATEMENT | |
| Title | Beauty and the beast : |
| Remainder of title | A magical story / |
| Statement of responsibility, etc. | By Disney Interprises , Inc . |
| 250 ## - EDITION STATEMENT | |
| Edition statement | First published by Parragon in 2010 |
| 260 ## - PUBLICATION, DISTRIBUTION, ETC. | |
| Place of publication, distribution, etc. | Bath : |
| Name of publisher, distributor, etc. | Parragon , |
| Date of publication, distribution, etc. | 2010 . |
| 300 ## - PHYSICAL DESCRIPTION | |
| Extent | 27 unnumbered pages : |
| Other physical details | color illustrations ; |
| Dimensions | 22 cm . |
| 505 ## - FORMATTED CONTENTS NOTE | |
| Formatted contents note | K <br/> |
| 520 ## - SUMMARY, ETC. | |
| Summary, etc. | When Belle stumbles across a little lost puppy in the forest she decides to take him home with her. The puppy is cute and loveable. But unfortunately not everyone agrees with her sentiment, and Beast banishes it from the castle into the forest. Will Belle and Lumiere be able to rescue him back from the forest? Will they be able to convince the Beast to keep the puppy? Or will the wolves get in the way of a happy ending? |
| 521 8# - TARGET AUDIENCE NOTE | |
| Target audience note | 510 <br/> |
| Source | Lexile estimate <br/> |
| 521 8# - TARGET AUDIENCE NOTE | |
| Target audience note | K <br/> |
| Source | Raz-Plus <br/> |
| 650 ## - SUBJECT ADDED ENTRY--TOPICAL TERM | |
| Topical term or geographic name entry element | Belle |
| Form subdivision | Fiction |
| 942 ## - ADDED ENTRY ELEMENTS (KOHA) | |
| Source of classification or shelving scheme | Dewey Decimal Classification |
| Koha item type | Books |
| Suppress in OPAC | No |
| Withdrawn status | Lost status | Source of classification or shelving scheme | Damaged status | Not for loan | Collection | Home library | Current library | Shelving location | Date acquired | Total Checkouts | Full call number | Barcode | Date last seen | Price effective from | Koha item type |
|---|---|---|---|---|---|---|---|---|---|---|---|---|---|---|---|
| Dewey Decimal Classification | Juvenile Fiction | Footprints International School Library Network Toul Tom Poung Campus | Footprints International School Library Network Toul Tom Poung Campus | TTP Primary Yellow Bookshelves | 03/11/2026 | DIS 398.2 | 2026-0302 | 03/11/2026 | 03/11/2026 | Books |
